00230nam a22000977a 4500020002200000100002100022245005000043250000900093260002200102300000800124 a978-0-323-71197-5 aNancy A. Brunzel aFundamentals of Urine and Body Fluid Analysis a5版 c2022.05bElsevier a464